| 000 | 00489nam a2200169Ia 4500 | ||
|---|---|---|---|
| 003 | LDD | ||
| 008 | 190117s9999 xx 000 0 und d | ||
| 020 | _c₹50 | ||
| 040 | _cLDD | ||
| 041 | _ahi | ||
| 082 | _a8H7.7 प6474जा | ||
| 100 | _aपरसाई, हरिशंकर | ||
| 245 | 0 |
_aजाने पहचाने लोग _cहरिशंकर परसाई |
|
| 260 |
_aदिल्ली _bराजकमल _c1993 |
||
| 300 | _a125प्र. | ||
| 942 |
_2ddc _cH |
||
| 999 |
_c162916 _d162916 |
||